[Event "UTP Team-chT"]
[Site "Seri Iskandar"]
[Date "2017.09.23"]
[Round "2.2"]
[White "Teh, Wee Zhun"]
[Black "Jeffrey, Dibble"]
[Result "1/2-1/2"]
[WhiteElo "1877"]
[BlackElo "1621"]
[PlyCount "72"]
[EventDate "2017.09.23"]
[EventType "team-swiss"]
[EventRounds "7"]
[EventCountry "MAS"]
[SourceTitle "EXT 2019"]
[Source "ChessBase"]
[SourceDate "2018.10.10"]
[SourceVersion "1"]
[SourceVersionDate "2018.10.10"]
[SourceQuality "1"]

1. d4 d5 2. c4 c6 3. Nc3 Nf6 4. e3 e6 5. Nf3 Nbd7 6. b3 Bb4 7. Bd2 0-0 8. Be2 Qe7 9. 0-0 e5 10. dxe5 Nxe5 11. Nxe5 Qxe5 12. Nxd5 Nxd5 13. cxd5 Bd6 14. g3 Qxd5 15. Bc3 Be6 16. Bf3 Qxd1 17. Rfxd1 Bc5 18. Rd2 Rfd8 19. Rad1 Rxd2 20. Rxd2 Bb6 21. h4 Rd8 22. Rxd8+ Bxd8 23. Kf1 f6 24. Ke1 Kf7 25. Kd2 Ke7 26. Bb4+ Kd7 27. Kc3 Be7 28. Bxe7 Kxe7 29. a3 Kd6 30. b4 Bd5 31. Bg4 Ke5 32. Kd3 b6 33. f4+ Kd6 34. e4 Be6 35. Bxe6 Kxe6 36. Kd4 h5 1/2-1/2